| 000 | 00524nam a2200181Ia 4500 | ||
|---|---|---|---|
| 001 | 51279 | ||
| 008 | 140502s9999 xx 000 0 und d | ||
| 020 | _a9780199062782 | ||
| 040 | _cPK-LaUMT | ||
| 082 |
_a 712.0917671 _bALI-S |
||
| 100 | _aAli Akbar Husain | ||
| 245 |
_aScent in the Islamic garden _ba study of literary sources in Persian and Urdu _cAli Akbar Husain |
||
| 260 |
_aKarachi,Pakistan: _bOxford University Press, _c2012 |
||
| 300 | _a171 p. | ||
| 546 | _aEN | ||
| 650 | _aArchitecture-Garden | ||
| 942 | _cBK | ||
| 999 |
_c48759 _d48759 |
||